|
|
|
|
| LEADER |
00000naa a2200000uu 4500 |
| 001 |
vtls010946225 |
| 003 |
SK-MaSNL |
| 005 |
20260302122013.0 |
| 008 |
210902|1998 xo |||||||||||||||||eng| |
| 015 |
|
|
|a SNBRA
|
| 035 |
|
|
|a (urnnbn)urn:nbn:sk:snk:ar-a0bfwm
|
| 035 |
|
|
|a (uuid)54827b0e-a0cb-4598-bd50-4696419731fc
|
| 035 |
|
|
|a urn:nbn:sk:snk-aau81h
|
| 040 |
|
|
|a SNKBUCL
|b slo
|c SNKBUCL
|e AACR2
|
| 041 |
0 |
|
|a eng
|
| 044 |
|
|
|a xo
|c SK
|
| 100 |
1 |
|
|a Kotova, Marina
|4 aut
|9 804910
|
| 245 |
1 |
0 |
|a TO THE PROBLEM OF TRANSLATION OF PROVERBS IN THE RUSSIAN-SLAVIC PROVERB DICTIONARY
|c Marina Kotova
|
| 773 |
0 |
|
|t Phraseology and Paremiology
|d Bratislava : Akadémia policajného zboru SR, 1998
|g S. 198-200
|z 8080540772
|
| 958 |
|
|
|a OND
|
| 958 |
|
|
|a article11
|
| 958 |
|
|
|a chapter
|
| 999 |
|
|
|c 1276164
|d 1278094
|